[Event "HON-ch qual1"]
[Site "San Pedro Sula"]
[Date "2019.11.20"]
[Round "5"]
[White "Cardenas Carbajal, Nilson"]
[Black "Paz Garcia, Mario"]
[Result "1-0"]
[WhiteElo "2101"]
[BlackElo "1698"]
[PlyCount "107"]
[EventDate "2019.11.18"]
[EventType "swiss"]
[EventRounds "7"]
[EventCountry "HON"]
[SourceTitle "EXT 2021"]
[Source "ChessBase"]
[SourceDate "2020.10.23"]
[SourceVersion "1"]
[SourceVersionDate "2020.10.23"]
[SourceQuality "1"]

1. e4 c5 2. d4 cxd4 3. c3 dxc3 4. Nxc3 e6 5. Nf3 Bb4 6. Bc4 Ne7 7. 0-0 0-0 8. Bg5 Nbc6 9. Qd3 a6 10. Rfd1 Qc7 11. Rac1 f5 12. Bxe7 Nxe7 13. exf5 Nxf5 14. Nd5 Qa5 15. Ng5 h6 16. g4 hxg5 17. gxf5 Rxf5 18. Nxb4 d5 19. Nxd5 exd5 20. Bxd5+ Rxd5 21. Qxd5+ Qxd5 22. Rxd5 Be6 23. Rxg5 Rd8 24. Rc7 Rd1+ 25. Kg2 Bd5+ 26. Rxd5 Rxd5 27. Rxb7 a5 28. a4 Rd4 29. b3 Rd3 30. h4 Kh7 31. f3 Kh6 32. Kg3 Rd1 33. Rb5 Rb1 34. Kg4 Kg6 35. Kf4 Kf7 36. Kf5 g6+ 37. Kg5 Rg1+ 38. Kf4 Rb1 39. h5 gxh5 40. Rxh5 Rxb3 41. Rxa5 Kf6 42. Ra6+ Kf7 43. Kg4 Ra3 44. f4 Ra1 45. Kf5 Ra2 46. Ra7+ Kf8 47. Kf6 Ke8 48. f5 Ra1 49. a5 Ra2 50. a6 Ra1 51. Ra8+ Kd7 52. a7 Ra6+ 53. Kg7 Ra1 54. Rf8 1-0